000 00604nam a2200241 a 4500
001 nice12345678
003 IN_TiNIC
005 20260116013820.0
008 050524s1995 dela grp 000 0 eng
020 _a8171004
_c460
082 0 0 _a340
_bDES
100 _aDeshta, Sunil
245 _aLok Adalats in India
_b Genesis and Functioning
260 _aDelhi
_bDeep and Deep Publications
_c1995
300 _a372p
500 _aincludes index and biblioraphy
505 2 _aIndex
650 _aLok Adalats
700 1 _aDeshta, Sunil
902 _bSRS
942 _cBK
999 _c12640
_d12640